000
00180 a2200097 4500
020
_a
9781609921842
041
_a
spa
100
_a
Bingham, jane
245
_a
Felicidad
942
_c
BK
999
_c
11899
_d
11899